000 00567nam a22001817a 4500
005 20251108164947.0
008 250721s1994 xx 000 0 ara d
082 1 4 _a967.73/خال
100 1 _aرياض، خالد
245 1 0 _aالصومال الغائب الوعي /
264 1 _aالقاهرة :
_bدار الأمين للطبع و النشر و التوزيع،
_c1994.
300 _a236ص
650 1 7 _aتاريخ الصومال
650 1 7 _aالتاريخ السياسي
650 1 7 _aالتاريخ الحديث
942 _2ddc
_cBK
999 _c18474
_d18474